000 00295nam a2200097Ia 4500
005 20251222114340.0
008 251222s1900||||xx |||||||||||||| ||spa||
082 _aDVD0070/M84
245 0 _aBella: one moment can change your life forever:Bella: el verdadero amor va más allá del romance
942 _cDVD
999 _c826
_d826